000 00498nam a2200193Ia 4500
003 OSt
005 20230427105609.0
008 210423s2012 xx 000 0 und d
040 _cAL
041 _aeng
082 _a658.150954
_223
_bSRIR
100 _aSRIVASTAVA (R M);NIGAM (Divya).
_993802
245 _aManagement of Indian financial institutions.
250 _a8
260 _aNew Delhi
_bHimalaya Publishing House
_c2012
300 _a636
_bPB
365 _b425
_cINR
942 _2ddc
_cBK
999 _c161184
_d161184